Statistiken für Tiere nach Bild-schwer #2

Klicken Sie hier um das Quiz zu spielen!

Allgemein

  • Dieses Quiz wurde 554 mal gespielt
  • Das Durchschnittsergebnis liegt bei 6 aus 12

Antwortstatistiken

Antwort% Korrekt
Erdmännchen
94%
Mantarochen
78%
Wüstenfuchs
77%
Flughund
71%
Okapi
62%
Wisent
41%
Marabu
36%
Schuhschnabel
36%
Nutria
35%
Rotaugenlaubfrosch
35%
Ameisenigel
29%
Rotfeuerfisch
28%

Verteilung der Resultate

Perzentil nach korrekt beantworteten Fragen

Anzahl Personen mit jedem Resultat

Ihre Resultats-Entwicklung

Sie haben dieses Quiz noch nicht gespielt